Carmen de Corona Caroli Magni Imperatoris, Scriptum ad Clariß. Virum, Virtute, Pietate & eruditione præestantem D. Ulricum Sitzingerum I.V. Doctorem, Illustriss. Principis VVolfgangi Palatini [et] c. Consiliarium

Bibliographic Details
Main Author: Weiss, Pantaleon, 1540-1608 (Author)
Corporate Author: Schwenck, Lorenz (Wittenberg, Nemecko) (Printer)
Other Authors: Schwenck, Lorenz (Printer)
Format: Book
Language:Latin
PhysicalDescription:8 nečíslovaných listov 8°
Subjects:

MARC

LEADER 00000nam a2200000 4500
001 vtls012131506
003 SK-MaSNL
005 20260302062309.0
008 220420s1564 gw f 000 0 lat
015 |a SNBHFA 
040 |a SNKHF  |b slo  |c SNKHF  |e rda 
041 0 |a lat 
044 |a gw  |c DE 
072 7 |a 82-1/-8  |x Literatúra rôznych foriem a žánrov (o nej)  |2 konspekt 
080 |a 82-1  |2 2011 
080 |a (0:82-1)  |2 2011 
100 1 |a Weiss, Pantaleon,  |d 1540-1608  |4 aut  |9 484354 
245 1 0 |a Carmen de Corona Caroli Magni Imperatoris, Scriptum ad Clariß. Virum, Virtute, Pietate & eruditione præestantem D. Ulricum Sitzingerum I.V. Doctorem, Illustriss. Principis VVolfgangi Palatini [et] c. Consiliarium  |c a M. Pantaleone Candido Austriaco 
264 3 |a Vitebergae  |b Excudebat Laurentius Schuuenck  |c 1564 
300 |a 8 nečíslovaných listov  |c 8° 
336 |a text  |b txt  |2 rdacontent 
337 |a bez média  |b n  |2 rdamedia 
338 |a zväzok  |b nc  |2 rdacarrier 
500 |a Vinety, iniciálky na 2 riadky, kustody 
501 |a Príväzok 2.k: WEISS, Pantaleon. Catechesis doctrinae Christianae. Argentorati: Apvd Samvelem Emmelium, 1566. 8°.  |5 SNK ID 98718 
510 4 |a VD16  |c W/1596 
546 |a Latinčina  |b Kurzíva 
650 0 7 |a básne  |2 SNKPH  |9 1275 
655 7 |a poézia  |2 SNKPH  |9 70555 
700 1 |a Schwenck, Lorenz  |4 prt  |9 568524 
710 0 |a Schwenck, Lorenz (Wittenberg, Nemecko)  |4 prt  |9 568525 
752 |a Nemecko  |d Wittenberg 
852 |a snk  |h ID 98718/prív.2 
958 |a DA 
958 |a ONDV 
999 |c 1128749  |d 1130679 
952 |t Tlače 16. storočia  |a SNK  |b SNK  |c SNK_HF  |y PREZ  |7 0  |p 17A1399473  |o snkID 98718/prív.2  |i snk2012/20721  |8 3  |0 0  |1 0  |4 0  |d 2022-04-20  |l 0  |r 2026-02-24 18:54:07  |w 2026-02-24